| 000 | 01192nam a22003377a 4500 | ||
|---|---|---|---|
| 003 | CHAP | ||
| 005 | 20220329140608.0 | ||
| 008 | 971013s1979 r 00010 d | ||
| 010 | _a54465 | ||
| 011 | _a55437 | ||
| 035 | _a59589 | ||
| 040 | _cCHAP | ||
| 090 | _aTesis | ||
| 100 | 0 | 0 |
_aSigale González, Miguel Angel. _9105898 |
| 245 | _aMetodología para la formulación de evaluaciones de proyectos de financiamientos en ganado bovino de doble propósito | ||
| 260 |
_aMéxico, D. F. : _bEl autor, _c1979 |
||
| 300 | _a89 h. | ||
| 502 | _aTesis (Médico Veterinario Zootecnista) -- UNAM. Facultad de Medicina Veterinaria y Zootecnia | ||
| 590 |
_aALEPH _b10 _c20130110 _lUCH01 _h1332 |
||
| 590 |
_aBATCH-UPD _b10 _c20130110 _lUCH01 _h0323 |
||
| 590 |
_aBATCH-UPD _b10 _c20130110 _lUCH01 _h1911 |
||
| 590 |
_aBATCH-UPD _b10 _c20130409 _lUCH01 _h2356 |
||
| 590 |
_aBATCH-UPD _b10 _c20130410 _lUCH01 _h1444 |
||
| 590 |
_aBATCH-UPD _b10 _c20130914 _lUCH01 _h1104 |
||
| 590 |
_aCONVERSION _b10 _c20130109 _lUCH01 _h1329 |
||
| 650 | 1 | 4 |
_aCrédito ganadero. _929104 |
| 650 | 1 | 4 |
_aGanadería _xAspectos económicos. _944616 |
| 901 | _aBK | ||
| 942 | _cTESIS | ||
| 949 |
_bBC _cTES _d-128822 _eTS1 _i59589 _si |
||
| 999 |
_c54465 _d54465 |
||